Tribhuvan University Central Library

Working with parents of exceptiona children (Record no. 48119)

MARC details
000 -LEADER
fixed length control field 00641 a2200217 4500
020 ## - INTERNATIONAL STANDARD BOOK NUMBER
International Standard Book Number 0-395-35767-5
041 ## - LANGUAGE CODE
Language code of text/sound track or separate title Eng.
082 ## - DEWEY DECIMAL CLASSIFICATION NUMBER
Classification number 301.427
Item number G181w
100 ## - MAIN ENTRY--PERSONAL NAME
Personal name Gargiulo, Richard M.
9 (RLIN) 2824
245 ## - TITLE STATEMENT
Title Working with parents of exceptiona children
Remainder of title a guide for professionals
260 ## - PUBLICATION, DISTRIBUTION, ETC.
Place of publication, distribution, etc. Boston
Name of publisher, distributor, etc. Hought Mifflin
Date of publication, distribution, etc. 1985
300 ## - PHYSICAL DESCRIPTION
Extent xii, 238p.
Other physical details illus.
504 ## - BIBLIOGRAPHY, ETC. NOTE
Bibliography, etc. note Bibliography at the end of each chapter
650 ## - SUBJECT ADDED ENTRY--TOPICAL TERM
Topical term or geographic name entry element Exceptional children
9 (RLIN) 2825
650 ## - SUBJECT ADDED ENTRY--TOPICAL TERM
Topical term or geographic name entry element Parent and child
9 (RLIN) 2826
650 ## - SUBJECT ADDED ENTRY--TOPICAL TERM
Topical term or geographic name entry element Family psychotherapy
9 (RLIN) 2827
650 ## - SUBJECT ADDED ENTRY--TOPICAL TERM
Topical term or geographic name entry element Helping
9 (RLIN) 2828
653 ## - INDEX TERM--UNCONTROLLED
Uncontrolled term Social science
942 ## - ADDED ENTRY ELEMENTS (KOHA)
Source of classification or shelving scheme Dewey Decimal Classification
Koha item type General Collections
518 ## - DATE/TIME AND PLACE OF AN EVENT NOTE
-- 20101205
Holdings
Withdrawn status Lost status Source of classification or shelving scheme Damaged status Not for loan Home library Current library Date acquired Total Checkouts Full call number Barcode Date last seen Price effective from Koha item type Date last checked out
    Dewey Decimal Classification     Tribhuvan University Central Library Tribhuvan University Central Library 12/05/2010   301.427 G181w G33408 12/05/2010 12/05/2010 General Collections  
    Dewey Decimal Classification     Tribhuvan University Central Library Tribhuvan University Central Library 12/05/2010 1 301.427 G181w G33565 08/12/2015 12/05/2010 General Collections 08/06/2015